000 00809nam a2200253Ia 4500
003 OSt
005 20221101005418.0
006 a|||||r|||| 00| 0
007 ta
008 220915b |||||||| |||| 00| 0 hin d
024 _a228526
037 _cTextbook
040 _bhin
_aARTS
_cARTS
041 _ahin
082 _aO152,3M80:g, K7
100 _aजैनेन्द्र कुमार
245 0 _aप्रेमचन्द एक कृति व्यकित्व
246 _aGadya vividhā
260 _aदिल्ली
_bपूर्वोदय
_c1967
300 _a171पृ
_ccm.
650 _aहिन्दी साहित्य
942 _hO152,3M80:g, K7
_cTB
_2CC
999 _c100622
_d100622